书目信息 |
| 题名: |
Oracle数据库实例教程
|
|
| 作者: | 张红强 主编 | |
| 分册: | ||
| 出版信息: | 天津 天津大学出版社 2009.02 |
|
| 页数: | 384页 | |
| 开本: | 24cm | |
| 丛书名: | 卓越系列 | |
| 单 册: | ||
| 中图分类: | TP311.138 | |
| 科图分类: | ||
| 主题词: | 关系数据库--guan xi shu ju ku--数据库管理系统--高等学校:技术学校--教材 | |
| 电子资源: | ||
| ISBN: | 978-7-5618-2931-8 | |
| 000 | 01003nam 2200265 450 | |
| 001 | 012009335804 | |
| 005 | 20091016084256.68 | |
| 010 | @a978-7-5618-2931-8@dCNY46.00 | |
| 100 | @a20091016d2009 em y0chiy0120 ea | |
| 101 | 0 | @achi |
| 102 | @aCN@b120000 | |
| 105 | @aak z 000yy | |
| 106 | @ar | |
| 200 | 1 | @aOracle数据库实例教程@AOracle shu ju ku shi li jiao cheng@f张红强主编@Fzhang hong qiang zhu bian |
| 210 | @a天津@c天津大学出版社@d2009.02 | |
| 215 | @a384页@c图@d24cm | |
| 225 | 2 | @a卓越系列@Azhuo yue xi lie |
| 300 | @a国家示范性高等职业院校重点建设专业教材(计算机类) | |
| 330 | @a本书共分为12章,从基本概念和实际应用出发,讲述Oracle数据库基础知识、数据库创建、表的操作、数据查询及PL/SQL编程技术、索引和视图的应用等内容。 | |
| 410 | 0 | @12001 @a卓越系列 |
| 606 | 0 | @a关系数据库@Aguan xi shu ju ku@x数据库管理系统@x高等学校:技术学校@j教材 |
| 690 | @aTP311.138@v4 | |
| 701 | 0 | @a张红强@Azhang hong qiang@4主编 |
| 801 | 0 | @aCN@bQSSK@c20091016 |
| 905 | @b762500-02@dTP311.138@eZ115@f3 | |
| Oracle数据库实例教程/张红强主编.-天津:天津大学出版社,2009.02 |
| 384页:图;24cm.-(卓越系列) |
| 国家示范性高等职业院校重点建设专业教材(计算机类) |
| ISBN 978-7-5618-2931-8:CNY46.00 |
| 本书共分为12章,从基本概念和实际应用出发,讲述Oracle数据库基础知识、数据库创建、表的操作、数据查询及PL/SQL编程技术、索引和视图的应用等内容。 |
| ● |
| 相关链接 |
|
|
|
正题名:Oracle数据库实例教程
索取号:TP311.138/Z115
 
预约/预借
| 序号 | 登录号 | 条形码 | 馆藏地/架位号 | 状态 | 备注 |
| 1 | 762500 | 207625006 | 自科二线404/404自科库 13排5列1层/ [索取号:TP311.138/Z115] | 在馆 | |
| 2 | 762501 | 207625015 | 期刊室512/301自科库 71排1列4层/ [索取号:TP311.138/Z115] | 在馆 | |
| 3 | 762502 | 207625024 | 期刊室512/301自科库 71排1列4层/ [索取号:TP311.138/Z115] | 在馆 |